| 000 | 00725nam a22002057a 4500 | ||
|---|---|---|---|
| 005 | 20251108172151.0 | ||
| 008 | 250721s1986 xx 000 0 ara d | ||
| 082 | 1 | 4 | _a745.5/ريا |
| 100 | 1 | _aريان، و | |
| 245 | 1 | 0 | _aخواص المواد الخام السيراميكية / |
| 264 | 1 |
_aالبصرة : _bوزارة التعليم العالي و البحث العلمي، _c1986. |
|
| 300 | _a140ص | ||
| 650 | 1 | 7 | _aالأشغال اليدوية |
| 650 | 1 | 7 | _aالصناعة اليدوية |
| 700 | 1 |
_aعيسى، فاضل يندر _eترجمة |
|
| 700 | 1 |
_aعكاشه، ماجد محمد _eترجمة |
|
| 700 | 1 |
_aالسيد، فوزي عبد الهادي _eترجمة |
|
| 942 |
_2ddc _cBK |
||
| 999 |
_c72109 _d72109 |
||